[Event "4NCL Division 2d"]
[Site "Telford, ENG"]
[Date "2018.05.05"]
[Round "9.51"]
[White "Gayson, Peter M"]
[Black "Zeidler, Sven P"]
[Result "1/2-1/2"]
[WhiteElo "2145"]
[BlackElo "2178"]
[PlyCount "31"]
[EventDate "2018.05.05"]
[WhiteTeam "White Rose 2"]
[BlackTeam "West is Best 2"]

1. e4 d5 2. exd5 Qxd5 3. Nc3 Qd8 4. d4 Nf6 5. Nf3 Bg4 6. h3 Bxf3 7. Qxf3 c6 8.
Be3 e6 9. Bd3 Nbd7 10. O-O Be7 11. Rfe1 O-O 12. Rad1 Re8 13. Qg3 Nh5 14. Qf3
Nhf6 15. Qg3 Nh5 16. Qf3 1/2-1/2

[Event "4NCL Division 2d"]
[Site "Telford, ENG"]
[Date "2018.05.05"]
[Round "9.52"]
[White "Redmond, John P."]
[Black "Burnett, Jim"]
[Result "0-1"]
[WhiteElo "2173"]
[BlackElo "2105"]
[PlyCount "74"]
[EventDate "2018.05.05"]
[WhiteTeam "West is Best 2"]
[BlackTeam "White Rose 2"]

1. d4 d5 2. c4 e6 3. Nf3 c6 4. Nbd2 Nf6 5. e3 Nbd7 6. b3 b6 7. Bb2 Be7 8. Bd3
O-O 9. O-O Bb7 10. Qe2 Qc7 11. Rac1 Rad8 12. Ne5 Qb8 13. f4 c5 14. cxd5 exd5
15. Bf5 Rfe8 16. Qf3 Nf8 17. Qh3 Qa8 18. Ndf3 Ne4 19. Nxf7 Kxf7 20. Ne5+ Kf6
21. dxc5 Bxc5 22. Bxe4 dxe4 23. Qh4+ Ke6 24. Qg4+ Kd6 25. Rfd1+ Bd5 26. Nc4+
Kc6 27. Qxg7 Bxc4 28. Bd4 Ne6 29. Qf6 Be2 30. Rd2 Kb7 31. Rxe2 Nxd4 32. Ree1
Nc6 33. a3 Rd6 34. Qf7+ Re7 35. Qc4 Bxa3 36. Ra1 Bc5 37. Kf2 Qf8 0-1

[Event "4NCL Division 2d"]
[Site "Telford, ENG"]
[Date "2018.05.05"]
[Round "9.53"]
[White "Shaw, Peter"]
[Black "James, David J"]
[Result "0-1"]
[WhiteElo "2122"]
[BlackElo "2112"]
[PlyCount "58"]
[EventDate "2018.05.05"]
[WhiteTeam "White Rose 2"]
[BlackTeam "West is Best 2"]

1. d4 Nf6 2. c4 e6 3. Nf3 b6 4. a3 d5 5. cxd5 exd5 6. Nc3 Be7 7. Bf4 O-O 8. e3
c5 9. Ne5 Bb7 10. Be2 Nbd7 11. O-O Nxe5 12. dxe5 Ne4 13. Nxe4 dxe4 14. Bc4 Qxd1
15. Rfxd1 Rfd8 16. e6 fxe6 17. Bxe6+ Kf8 18. Bc7 Rxd1+ 19. Rxd1 Bc6 20. b3 b5
21. g4 a5 22. a4 bxa4 23. bxa4 Bxa4 24. Ra1 Bc2 25. Rxa5 Rxa5 26. Bxa5 Bd3 27.
Bd2 c4 28. f4 exf3 29. e4 Bc5+ 0-1

[Event "4NCL Division 2d"]
[Site "Telford, ENG"]
[Date "2018.05.05"]
[Round "9.54"]
[White "Bullen, Alex"]
[Black "Arnott, Jonathan W"]
[Result "0-1"]
[WhiteElo "2148"]
[BlackElo "2112"]
[PlyCount "64"]
[EventDate "2018.05.05"]
[WhiteTeam "West is Best 2"]
[BlackTeam "White Rose 2"]

1. d4 d5 2. Bf4 c6 3. e3 Qb6 4. Qc1 g6 5. c3 Bg7 6. Bd3 Nd7 7. Nf3 Ngf6 8. h3
Ne4 9. Bxe4 dxe4 10. Ng5 e5 11. dxe5 Nxe5 12. Bxe5 Bxe5 13. Nxe4 Bf5 14. Ned2
Bd3 15. Na3 O-O 16. Nac4 Qc5 17. b4 Qd5 18. Nxe5 Qxe5 19. Nf3 Qf6 20. Nd4 a5
21. Qd1 Bc4 22. a3 Rfd8 23. Qf3 Qe7 24. Qg4 Qf6 25. f4 axb4 26. Qg5 Qxg5 27.
fxg5 c5 28. Nf3 Rxa3 29. Kf2 Rxc3 30. Ne5 Rd2+ 31. Ke1 Rxg2 32. Nd7 Rxe3+ 0-1

[Event "4NCL Division 2d"]
[Site "Telford, ENG"]
[Date "2018.05.05"]
[Round "9.55"]
[White "O'driscoll, Kieran"]
[Black "Ivekovic, Tihana"]
[Result "0-1"]
[WhiteElo "2076"]
[BlackElo "2167"]
[PlyCount "178"]
[EventDate "2018.05.05"]
[WhiteTeam "White Rose 2"]
[BlackTeam "West is Best 2"]

1. d4 d5 2. c4 dxc4 3. e4 e5 4. Nf3 exd4 5. Bxc4 Nc6 6. O-O Be6 7. Bxe6 fxe6 8.
Qb3 Qd7 9. Qxb7 Rb8 10. Qa6 Nf6 11. Nbd2 Bd6 12. b3 O-O 13. Bb2 e5 14. Rac1 Rb6
15. Qc4+ Kh8 16. a3 Na5 17. Qc2 Rfb8 18. Bxd4 exd4 19. e5 Bxa3 20. Ra1 d3 21.
Qd1 Bb4 22. exf6 Rxf6 23. Ne4 Rff8 24. Nfg5 h6 25. Nf3 Qd5 26. Ng3 Qxb3 27.
Qxb3 Nxb3 28. Rxa7 c5 29. Ne5 Rfd8 30. Nf5 Bc3 31. Nf7+ Kg8 32. Nxd8 Rxd8 33.
Ne3 Bb4 34. g3 Nd2 35. Rd1 c4 36. Ra4 Bc5 37. Rxd2 Bxe3 38. fxe3 c3 39. Rxd3
Rxd3 40. Rc4 Rxe3 41. Kf2 Rd3 42. Ke2 Rd2+ 43. Ke3 Rxh2 44. Rxc3 Kh7 45. Kf4
Rf2+ 46. Kg4 Kg6 47. Rc5 Rf6 48. Ra5 Rb6 49. Ra3 Rb4+ 50. Kh3 Re4 51. Ra6+ Kf5
52. Ra5+ Re5 53. Ra4 Rb5 54. Rf4+ Kg5 55. Rg4+ Kf6 56. Rf4+ Rf5 57. Ra4 Rf1 58.
Kg4 Re1 59. Ra6+ Re6 60. Ra4 g6 61. Rf4+ Ke5 62. Rf8 Ra6 63. Re8+ Kf6 64. Rf8+
Kg7 65. Rf4 h5+ 66. Kh3 Kh6 67. Rb4 g5 68. Rb3 Kg6 69. Rc3 Re6 70. Ra3 Re5 71.
Ra6+ Kg7 72. Ra7+ Kg6 73. Ra6+ Kf5 74. Rh6 Re1 75. Rh8 g4+ 76. Kg2 Re2+ 77. Kf1
Rd2 78. Rxh5+ Ke4 79. Ra5 Ke3 80. Ra3+ Rd3 81. Rxd3+ Kxd3 82. Kf2 Kd2 83. Kf1
Ke3 84. Kg2 Ke2 85. Kh2 Kf2 86. Kh1 Kxg3 87. Kg1 Kf3 88. Kf1 g3 89. Kg1 g2 0-1

[Event "4NCL Division 2d"]
[Site "Telford, ENG"]
[Date "2018.05.05"]
[Round "9.56"]
[White "Spencer, Douglas"]
[Black "Ho, Conrad"]
[Result "0-1"]
[WhiteElo "2001"]
[BlackElo "2068"]
[PlyCount "81"]
[EventDate "2018.05.05"]
[WhiteTeam "West is Best 2"]
[BlackTeam "White Rose 2"]

1. d4 e6 2. Nf3 Nf6 3. Bf4 c5 4. e3 Nc6 5. c3 Be7 6. h3 Ne4 7. Nfd2 d5 8. Nxe4
dxe4 9. Nd2 f5 10. Nc4 O-O 11. dxc5 Bxc5 12. Qxd8 Rxd8 13. Be2 Kf7 14. b4 Be7
15. b5 Nb8 16. O-O Bf6 17. Rfd1 Nd7 18. Bc7 Rf8 19. Nd6+ Ke7 20. Rac1 b6 21.
Bc4 Rh8 22. Bb3 Be5 23. Nxc8+ Raxc8 24. Bxe5 Nxe5 25. Rd4 Rc5 26. Ra4 Rc7 27.
c4 Rd8 28. Rc2 Rd1+ 29. Kh2 Rf1 30. Kg3 g5 31. a3 Kf6 32. Ba2 Nd3 33. f3 f4+
34. exf4 gxf4+ 35. Kh2 e3 36. c5 bxc5 37. Re4 e5 38. Bc4 Rd1 39. Bxd3 Rxd3 40.
a4 Rd2 41. Rcc4 0-1

[Event "4NCL Division 2d"]
[Site "Telford, ENG"]
[Date "2018.05.05"]
[Round "9.57"]
[White "Camp, Imogen A L"]
[Black "Taylor, William J"]
[Result "0-1"]
[WhiteElo "1990"]
[BlackElo "2070"]
[PlyCount "56"]
[EventDate "2018.05.05"]
[WhiteTeam "White Rose 2"]
[BlackTeam "West is Best 2"]

1. d4 Nf6 2. c4 g6 3. Nc3 Bg7 4. e4 d6 5. Nf3 O-O 6. Be2 e5 7. O-O Nc6 8. d5
Ne7 9. Ne1 Nd7 10. Nd3 f5 11. f3 f4 12. Bd2 g5 13. b4 Nf6 14. c5 Ng6 15. a4 h5
16. Nf2 Rf7 17. Rc1 Bf8 18. cxd6 Bxd6 19. Nb5 Rg7 20. Rc4 Nh4 21. Qc2 g4 22.
Kh1 g3 23. hxg3 Rxg3 24. Nxc7 Ne8 25. Nxa8 Nxg2 26. Nh3 Qh4 27. Rxc8 Rxh3+ 28.
Kxg2 Qg3# 0-1

[Event "4NCL Division 2d"]
[Site "Telford, ENG"]
[Date "2018.05.05"]
[Round "9.58"]
[White "Davis, Lee"]
[Black "Jones, Rupert"]
[Result "1/2-1/2"]
[WhiteElo "2061"]
[BlackElo "1827"]
[PlyCount "32"]
[EventDate "2018.05.05"]
[WhiteTeam "West is Best 2"]
[BlackTeam "White Rose 2"]

1. d4 Nf6 2. g3 c5 3. Nf3 cxd4 4. Nxd4 d5 5. Bg2 e5 6. Nb3 h6 7. O-O Be7 8. c4
d4 9. e3 d3 10. Nc3 Nc6 11. Bd2 O-O 12. Ne4 Nxe4 13. Bxe4 Be6 14. Bc3 Bxc4 15.
Bxc6 bxc6 16. Na5 Qd5 1/2-1/2

[Event "4NCL Division 2d"]
[Site "Telford, ENG"]
[Date "2018.05.05"]
[Round "9.61"]
[White "Tukpetov, Evgeny"]
[Black "Swanson, Stephen"]
[Result "1-0"]
[WhiteElo "2240"]
[BlackElo "2208"]
[PlyCount "115"]
[EventDate "2018.05.05"]
[WhiteTeam "Kings Head"]
[BlackTeam "Poisoned Pawns 1"]

1. e4 d6 2. Nc3 g6 3. Bc4 Bg7 4. d3 c6 5. a3 Nf6 6. Bg5 Nbd7 7. Qd2 h6 8. Bf4
e5 9. Bg3 O-O 10. Nge2 Qe7 11. f3 b6 12. Ba2 Bb7 13. d4 Rad8 14. O-O-O Rfe8 15.
d5 c5 16. Bh4 Nf8 17. g4 Bc8 18. Rdg1 N8h7 19. Bf2 a6 20. Ng3 Ng5 21. Qe2 Nh3
22. Rf1 Nh7 23. Be3 b5 24. Qd2 N7g5 25. Nce2 Kh7 26. Ng1 Nxg1 27. Rhxg1 Nh3 28.
Rg2 Qf6 29. Ne2 Nf4 30. Rgg1 a5 31. h4 Qe7 32. Nxf4 exf4 33. Bxf4 a4 34. g5 h5
35. Qe1 Qb7 36. Bd2 Re7 37. Bc3 b4 38. Bxg7 Kxg7 39. Bc4 Qb6 40. Qe2 bxa3 41.
bxa3 Bh3 42. Re1 Rb8 43. Kd2 Reb7 44. Qe3 Qa5+ 45. Qc3+ Qxc3+ 46. Kxc3 Kf8 47.
f4 Re7 48. Bd3 Rc8 49. Kc4 Rce8 50. Rb1 Rxe4+ 51. Bxe4 Rxe4+ 52. Kb5 Rxf4 53.
Kc6 Bf5 54. Rb8+ Kg7 55. Re1 Be4 56. Kxd6 Rxh4 57. Kxc5 Rg4 58. Rb4 1-0

[Event "4NCL Division 2d"]
[Site "Telford, ENG"]
[Date "2018.05.05"]
[Round "9.62"]
[White "Clark, Kevin R"]
[Black "Kwiatkowski, Feliks J"]
[Result "0-1"]
[WhiteElo "2118"]
[BlackElo "2223"]
[PlyCount "104"]
[EventDate "2018.05.05"]
[WhiteTeam "Poisoned Pawns 1"]
[BlackTeam "Kings Head"]

1. e4 c5 2. c3 Nf6 3. e5 Nd5 4. d4 cxd4 5. Bc4 Nb6 6. Bb3 d6 7. Nf3 Nc6 8. cxd4
dxe5 9. Nxe5 Nxe5 10. dxe5 Qxd1+ 11. Bxd1 Bd7 12. Nc3 Bc6 13. O-O e6 14. Bc2
Rc8 15. Be3 Bb4 16. Ne4 O-O 17. a3 Be7 18. Bxb6 axb6 19. Rfd1 Rfd8 20. f4 h6
21. Kf2 f5 22. exf6 gxf6 23. g4 f5 24. gxf5 exf5 25. Nc3 Bh4+ 26. Kg1 Kh8 27.
Rxd8+ Rxd8 28. Rd1 Rg8+ 29. Kf1 Bg2+ 30. Ke2 Bh3 31. Rd6 Rg2+ 32. Kd3 Rxh2 33.
Kc4 Be7 34. Rxb6 Bg2 35. Bxf5 Bc6 36. Nd5 Bd8 37. Rb3 Rd2 38. Ne3 Bf6 39. Bd3
h5 40. Nf1 Rf2 41. Kc5 Rxf4 42. Ng3 h4 43. Nh5 Be7+ 44. Kb6 Rf3 45. Rc3 h3 46.
Bb5 Bd8+ 47. Kc5 Rxc3+ 48. bxc3 Bc7 49. Bxc6 bxc6 50. Kxc6 h2 51. Kxc7 h1=Q 52.
Nf6 Qf3 0-1

[Event "4NCL Division 2d"]
[Site "Telford, ENG"]
[Date "2018.05.05"]
[Round "9.63"]
[White "Guthrie, David"]
[Black "Byway, Paul V"]
[Result "0-1"]
[WhiteElo "2137"]
[BlackElo "2056"]
[PlyCount "52"]
[EventDate "2018.05.05"]
[WhiteTeam "Kings Head"]
[BlackTeam "Poisoned Pawns 1"]

1. d4 Nf6 2. c4 e6 3. Nf3 d5 4. Nc3 Be7 5. Bg5 O-O 6. e3 h6 7. Bxf6 Bxf6 8. Rc1
c6 9. Bd3 Nd7 10. cxd5 exd5 11. O-O Re8 12. b4 a6 13. a4 Nf8 14. h3 Be6 15. b5
Nd7 16. bxc6 bxc6 17. e4 Qa5 18. Re1 Be7 19. Bb1 Bb4 20. Qd3 dxe4 21. Rxe4 Bxc3
22. Rxc3 Nf6 23. Re1 Bf5 24. Rxe8+ Rxe8 25. Qxf5 Qxc3 26. Ba2 Qa1+ 0-1

[Event "4NCL Division 2d"]
[Site "Telford, ENG"]
[Date "2018.05.05"]
[Round "9.64"]
[White "Davison, Chris"]
[Black "Mackenzie, Colin"]
[Result "1/2-1/2"]
[WhiteElo "2071"]
[BlackElo "2058"]
[PlyCount "38"]
[EventDate "2018.05.05"]
[WhiteTeam "Poisoned Pawns 1"]
[BlackTeam "Kings Head"]

1. e4 e6 2. d4 d5 3. Nd2 c5 4. Ngf3 Nc6 5. exd5 exd5 6. Be2 Bd6 7. O-O Nge7 8.
dxc5 Bxc5 9. Nb3 Bb6 10. a4 a6 11. c3 O-O 12. Bg5 Qd6 13. a5 Bc7 14. Ra4 Ng6
15. g3 Bd7 16. Ra1 Rfe8 17. Re1 Nce5 18. Be3 Rad8 19. Nxe5 Nxe5 1/2-1/2

[Event "4NCL Division 2d"]
[Site "Telford, ENG"]
[Date "2018.05.05"]
[Round "9.65"]
[White "Gilfillan, Andrew"]
[Black "Hutchinson, Norman A"]
[Result "1-0"]
[WhiteElo "1990"]
[BlackElo "2050"]
[PlyCount "65"]
[EventDate "2018.05.05"]
[WhiteTeam "Kings Head"]
[BlackTeam "Poisoned Pawns 1"]

1. c4 Nf6 2. Nc3 d5 3. cxd5 Nxd5 4. e4 Nf6 5. Bc4 Nc6 6. Nf3 e6 7. d4 Bb4 8.
Qd3 h6 9. a3 Ba5 10. O-O O-O 11. Rd1 Re8 12. b4 Bb6 13. e5 Nd5 14. Ne4 Nce7 15.
Bb3 Ng6 16. g3 f5 17. exf6 Nxf6 18. Ned2 Nf8 19. Nc4 Nd5 20. Nce5 Qf6 21. Bc2
c6 22. Kg2 Bc7 23. h4 a5 24. b5 c5 25. Bb2 Rd8 26. Qe4 Qe7 27. dxc5 Qxc5 28.
Ng6 Nf6 29. Bxf6 gxf6 30. Nxf8 Kxf8 31. Qh7 Bb6 32. Qxh6+ Ke7 33. Qg7+ 1-0

[Event "4NCL Division 2d"]
[Site "Telford, ENG"]
[Date "2018.05.05"]
[Round "9.66"]
[White "Rosen, Daniel B"]
[Black "Davey, Mark"]
[Result "1-0"]
[WhiteElo "2063"]
[BlackElo "1987"]
[PlyCount "71"]
[EventDate "2018.05.05"]
[WhiteTeam "Poisoned Pawns 1"]
[BlackTeam "Kings Head"]

1. e4 c5 2. Nc3 Nc6 3. f4 g6 4. Nf3 Bg7 5. Bc4 d6 6. O-O e6 7. d3 Nge7 8. Qe1
a6 9. Nd1 d5 10. Bb3 b5 11. c3 Bb7 12. Bc2 d4 13. Nf2 Qc7 14. c4 bxc4 15. dxc4
f6 16. f5 e5 17. Nd3 Qd6 18. Qh4 O-O-O 19. a3 Nb8 20. Nfxe5 g5 21. Qh3 Rdf8 22.
Re1 h5 23. Ng6 Nxg6 24. fxg6+ g4 25. Qg3 Qxg3 26. hxg3 Nd7 27. Bf4 Re8 28. Ba4
Bf8 29. e5 Re6 30. g7 Bxg7 31. Bxd7+ Kxd7 32. Nxc5+ Ke7 33. exf6+ Bxf6 34.
Rxe6+ Kf7 35. Rxf6+ Kxf6 36. Nxb7 1-0

[Event "4NCL Division 2d"]
[Site "Telford, ENG"]
[Date "2018.05.05"]
[Round "9.67"]
[White "Disu, Kayode"]
[Black "Kemp, Paul R"]
[Result "1/2-1/2"]
[WhiteElo "1916"]
[BlackElo "2049"]
[PlyCount "66"]
[EventDate "2018.05.05"]
[WhiteTeam "Kings Head"]
[BlackTeam "Poisoned Pawns 1"]

1. Nf3 d5 2. g3 Nf6 3. Bg2 c6 4. O-O Bf5 5. d3 h6 6. Nbd2 Nbd7 7. Re1 e5 8. e4
dxe4 9. dxe4 Be6 10. b3 Qc7 11. Bb2 Bc5 12. h3 O-O 13. Qe2 Rfe8 14. Nc4 Bxc4
15. Qxc4 b5 16. Qe2 a5 17. Nh4 a4 18. a3 Bf8 19. b4 Nb6 20. Bc3 Nc4 21. Nf5 Nd7
22. Red1 Rad8 23. h4 Ndb6 24. Re1 g6 25. Qg4 Kh7 26. Ne3 Qd7 27. Qe2 Nxe3 28.
Qxe3 Nc4 29. Qf3 Qe6 30. Kh2 Bg7 31. Bh3 Qf6 32. Qxf6 Bxf6 33. Bf1 Nb6 1/2-1/2

[Event "4NCL Division 2d"]
[Site "Telford, ENG"]
[Date "2018.05.05"]
[Round "9.68"]
[White "Sahinoz, Giulio O"]
[Black "Verma, Shlok"]
[Result "1-0"]
[WhiteElo "1832"]
[BlackElo "1617"]
[PlyCount "87"]
[EventDate "2018.05.05"]
[WhiteTeam "Poisoned Pawns 1"]
[BlackTeam "Kings Head"]

1. d4 d5 2. c4 dxc4 3. e4 e5 4. Nf3 exd4 5. Nxd4 c5 6. Nb5 a6 7. Qa4 Bd7 8.
Bxc4 axb5 9. Bxf7+ Kxf7 10. Qxa8 Bc6 11. Bf4 Bd6 12. Bxd6 Qxd6 13. O-O b6 14.
Qa7+ Nd7 15. Nc3 Ne7 16. Rad1 Qe6 17. Qc7 Rc8 18. Qf4+ Kg8 19. Qe3 Nf6 20. e5
Nfd5 21. Nxd5 Nxd5 22. Qg3 Qg6 23. Qxg6 hxg6 24. Rfe1 Re8 25. h4 Kf7 26. Kh2 g5
27. hxg5 Kg6 28. g4 Kxg5 29. Kg3 Nf4 30. e6 Rh8 31. Re5+ Kf6 32. Kxf4 Rh3 33.
g5+ Ke7 34. Re3 Rh4+ 35. Ke5 Rg4 36. f4 Rg2 37. Rd6 Be8 38. Rxb6 Rxb2 39. f5
Rf2 40. f6+ Kf8 41. Rh3 Re2+ 42. Kd6 Rd2+ 43. Kc7 Kg8 44. Rb8 1-0

[Event "4NCL Division 2d"]
[Site "Telford, ENG"]
[Date "2018.05.05"]
[Round "9.71"]
[White "Forster, Matthew"]
[Black "Emms, John M"]
[Result "0-1"]
[WhiteElo "2177"]
[BlackElo "2484"]
[PlyCount "82"]
[EventDate "2018.05.05"]
[WhiteTeam "Sussex Martlets 1"]
[BlackTeam "KJCA Kings"]

1. c4 c5 2. g3 g6 3. Bg2 Bg7 4. Nc3 Nc6 5. e3 d6 6. Nge2 Nf6 7. O-O O-O 8. d4
Bg4 9. Qd2 cxd4 10. Nxd4 Qd7 11. Re1 Bh3 12. Bh1 Rfd8 13. b3 e6 14. Bb2 d5 15.
cxd5 Nxd4 16. exd4 Nxd5 17. Ne4 Bf5 18. Nc5 Qe7 19. Rac1 h5 20. Qe2 a6 21. a3
Rac8 22. b4 Bh6 23. Rcd1 b6 24. Bxd5 Rxd5 25. Ne4 Bxe4 26. Qxe4 Qd7 27. f4 Bg7
28. Qd3 b5 29. Re4 Rc4 30. Qe3 Qc6 31. Rd2 Qd7 32. h3 Qc6 33. g4 Rc2 34. Kf2
Qc4 35. Kg3 Qc7 36. Kf3 Qc6 37. Kg3 Kh7 38. g5 Qc4 39. Kf2 Rxb2 40. Rxb2 Bxd4
41. Rxd4 Rxd4 0-1

[Event "4NCL Division 2d"]
[Site "Telford, ENG"]
[Date "2018.05.05"]
[Round "9.72"]
[White "Ward, Chris G"]
[Black "Cumming, Rhys"]
[Result "1-0"]
[WhiteElo "2429"]
[BlackElo "2200"]
[PlyCount "73"]
[EventDate "2018.05.05"]
[WhiteTeam "KJCA Kings"]
[BlackTeam "Sussex Martlets 1"]

1. d4 Nf6 2. c4 g6 3. f3 d5 4. cxd5 Nxd5 5. e4 Nb6 6. Nc3 Bg7 7. Be3 O-O 8. Qd2
Nc6 9. O-O-O Qd6 10. Kb1 Rd8 11. Nb5 Qd7 12. d5 a6 13. Nc3 Qe8 14. Qc1 Na5 15.
h4 e6 16. Bg5 f6 17. Bf4 e5 18. Be3 Nac4 19. h5 Nxe3 20. Qxe3 Rd6 21. hxg6 hxg6
22. g4 Na4 23. Rc1 Nxc3+ 24. Rxc3 c6 25. dxc6 Rxc6 26. Bc4+ Be6 27. Bxe6+ Qxe6
28. Ne2 Rac8 29. Rxc6 Qxc6 30. Qb3+ Kf8 31. Rc1 Qd7 32. Rd1 Qc6 33. Nc3 Bh6 34.
Qb4+ Kf7 35. Rd6 Qc7 36. Qb3+ Kg7 37. Qe6 1-0

[Event "4NCL Division 2d"]
[Site "Telford, ENG"]
[Date "2018.05.05"]
[Round "9.73"]
[White "Grant, David J"]
[Black "Hand, Freddie"]
[Result "1/2-1/2"]
[WhiteElo "2192"]
[BlackElo "2156"]
[PlyCount "71"]
[EventDate "2018.05.05"]
[WhiteTeam "Sussex Martlets 1"]
[BlackTeam "KJCA Kings"]

1. e4 e5 2. Nf3 Nc6 3. Bc4 Nf6 4. d3 Be7 5. O-O O-O 6. a4 d5 7. exd5 Nxd5 8.
Re1 Bg4 9. h3 Bxf3 10. Qxf3 Nb6 11. Nd2 Nxc4 12. Nxc4 f6 13. c3 a5 14. Bd2 Qd7
15. Rad1 Rfd8 16. Bc1 Qd5 17. Qg4 Bc5 18. Be3 Bxe3 19. Rxe3 Rd7 20. Rg3 Rad8
21. Ne3 Qf7 22. Qe4 Kh8 23. Rf3 Qa2 24. Rd2 Qb1+ 25. Kh2 Qe1 26. Rc2 Rxd3 27.
Rf5 Ne7 28. Rh5 g6 29. Qh4 gxh5 30. Qxf6+ Kg8 31. Qxe7 R3d7 32. Qe6+ Kf8 33.
Nf5 Rf7 34. Qh6+ Ke8 35. Qe6+ Kf8 36. Qh6+ 1/2-1/2

[Event "4NCL Division 2d"]
[Site "Telford, ENG"]
[Date "2018.05.05"]
[Round "9.74"]
[White "Verma, Aditya"]
[Black "Graham, David B"]
[Result "1/2-1/2"]
[WhiteElo "2017"]
[BlackElo "2150"]
[PlyCount "57"]
[EventDate "2018.05.05"]
[WhiteTeam "KJCA Kings"]
[BlackTeam "Sussex Martlets 1"]

1. e4 c5 2. Nf3 d6 3. d4 cxd4 4. Nxd4 Nf6 5. Nc3 g6 6. g3 Bg7 7. Bg2 O-O 8. Nd5
Nc6 9. Nb3 Nxd5 10. exd5 Ne5 11. h3 Nc4 12. c3 Bd7 13. O-O Qb6 14. Re1 e5 15.
Qe2 Rac8 16. Nd2 Nxd2 17. Bxd2 f5 18. Be3 Qa5 19. Qd2 Rf7 20. a3 Qa4 21. f4 e4
22. Bf1 b6 23. Rec1 Bb5 24. Bxb5 Qxb5 25. a4 Qa6 26. Ra3 Rfc7 27. Kf2 Rc4 28.
Rca1 Qb7 29. Rb3 1/2-1/2

[Event "4NCL Division 2d"]
[Site "Telford, ENG"]
[Date "2018.05.05"]
[Round "9.75"]
[White "Bucher, Grant W"]
[Black "Selway, Richard P"]
[Result "1-0"]
[WhiteElo "2099"]
[BlackElo "2047"]
[PlyCount "87"]
[EventDate "2018.05.05"]
[WhiteTeam "Sussex Martlets 1"]
[BlackTeam "KJCA Kings"]

1. e4 e6 2. d4 d5 3. Nc3 Bb4 4. e5 c5 5. dxc5 Nc6 6. Nf3 Nge7 7. Bd3 Qc7 8. Bf4
d4 9. a3 dxc3 10. axb4 Nd5 11. Bc1 Ncxb4 12. bxc3 Nxc3 13. Qd2 Ncd5 14. Bb5+
Nc6 15. c4 Nde7 16. Qd6 Qd8 17. Bg5 Bd7 18. O-O h6 19. Bh4 g5 20. Bg3 Nf5 21.
Qd2 a6 22. Rfd1 Qe7 23. Ba4 Rd8 24. Rab1 Bc8 25. Bxc6+ bxc6 26. Qa5 O-O 27. Rd2
Rxd2 28. Nxd2 h5 29. f3 Nxg3 30. hxg3 f6 31. Ne4 fxe5 32. Qd2 g4 33. Rb8 gxf3
34. gxf3 Kg7 35. Qb2 Qc7 36. Nd6 Kf6 37. f4 Rg8 38. Qxe5+ Kg6 39. Qg5+ Kh7 40.
Qxh5+ Kg7 41. Qg5+ Kh7 42. Qxg8+ Kxg8 43. Rxc8+ Qxc8 44. Nxc8 1-0

[Event "4NCL Division 2d"]
[Site "Telford, ENG"]
[Date "2018.05.05"]
[Round "9.76"]
[White "Yoon, Jacob D"]
[Black "Willson, Ollie"]
[Result "0-1"]
[WhiteElo "2004"]
[BlackElo "2117"]
[PlyCount "58"]
[EventDate "2018.05.05"]
[WhiteTeam "KJCA Kings"]
[BlackTeam "Sussex Martlets 1"]

1. e4 c5 2. Nf3 e6 3. c3 d5 4. e5 Nc6 5. d4 Nge7 6. Bd3 Qc7 7. O-O Bd7 8. a3
Ng6 9. b4 b6 10. Be3 Be7 11. Ne1 c4 12. Bc2 f6 13. f4 O-O-O 14. a4 Rdg8 15. Na3
Nh4 16. Qb1 g5 17. Nb5 Qb8 18. Bf2 fxe5 19. fxe5 Nf5 20. a5 a6 21. Na3 b5 22.
Qd1 h5 23. Qe2 Nd8 24. Kh1 Qc7 25. Bg1 h4 26. Nb1 Ng3+ 27. hxg3 hxg3+ 28. Bh2
Rxh2+ 29. Kg1 Rgh8 0-1

[Event "4NCL Division 2d"]
[Site "Telford, ENG"]
[Date "2018.05.05"]
[Round "9.77"]
[White "Payne, Matthew J"]
[Black "Young, Daniel J"]
[Result "1-0"]
[WhiteElo "2099"]
[BlackElo "1982"]
[PlyCount "69"]
[EventDate "2018.05.05"]
[WhiteTeam "Sussex Martlets 1"]
[BlackTeam "KJCA Kings"]

1. e4 c5 2. Nc3 g6 3. f4 Bg7 4. Nf3 Nc6 5. Bb5 Nd4 6. O-O Nxb5 7. Nxb5 d5 8. e5
a6 9. Nc3 Bg4 10. d4 cxd4 11. Qxd4 e6 12. Qf2 Bxf3 13. Qxf3 Ne7 14. Be3 O-O 15.
Rad1 Rc8 16. Qf2 b5 17. Bc5 Qc7 18. b4 Rfe8 19. g4 f6 20. exf6 Bxf6 21. Rd3 Nc6
22. f5 Qg7 23. fxg6 Bxc3 24. Qf7+ Kh8 25. Rxc3 Qxg6 26. Qxg6 hxg6 27. Rf6 Kg7
28. g5 Ne5 29. Bd4 Nc6 30. Rxc6 Rxc6 31. Rxe6+ Kf7 32. Rxc6 Re4 33. c3 Rg4+ 34.
Kf2 Rxg5 35. Rxa6 1-0

[Event "4NCL Division 2d"]
[Site "Telford, ENG"]
[Date "2018.05.05"]
[Round "9.78"]
[White "Ng, Chung Lok Andrew"]
[Black "Lunn, Matthew"]
[Result "1/2-1/2"]
[WhiteElo "1915"]
[BlackElo "2043"]
[PlyCount "86"]
[EventDate "2018.05.05"]
[WhiteTeam "KJCA Kings"]
[BlackTeam "Sussex Martlets 1"]

1. d4 Nf6 2. c4 g6 3. Nc3 Bg7 4. e4 d6 5. Nf3 O-O 6. h3 e5 7. d5 Na6 8. Be3 Nc5
9. Nd2 a5 10. Be2 c6 11. O-O cxd5 12. cxd5 Ne8 13. a3 f5 14. f3 f4 15. Bf2 g5
16. b4 axb4 17. axb4 Rxa1 18. Qxa1 Na6 19. Qa5 Qe7 20. b5 Nc5 21. Nc4 Nb3 22.
Qa2 Nd4 23. Nb6 Qc7 24. Nxc8 Qxc8 25. Rc1 h5 26. Qb2 g4 27. fxg4 f3 28. Bxf3
Bh6 29. Rc2 Nxf3+ 30. gxf3 Rxf3 31. Ne2 Qd7 32. Rc3 hxg4 33. hxg4 Qxg4+ 34. Ng3
Nf6 35. Rxf3 Qxf3 36. Qc2 Qg4 37. Kf1 Bf4 38. Nf5 Qh3+ 39. Ke2 Qh5+ 40. Kf1
Qh1+ 41. Ke2 Qh5+ 42. Kf1 Qh1+ 43. Ke2 Qh5+ 1/2-1/2

[Event "4NCL Division 2d"]
[Site "Telford, ENG"]
[Date "2018.05.05"]
[Round "9.81"]
[White "Coleman, David J"]
[Black "Stepanyan, Henrik"]
[Result "1/2-1/2"]
[WhiteElo "2060"]
[BlackElo "2267"]
[PlyCount "82"]
[EventDate "2018.05.05"]
[WhiteTeam "Barbican Youth"]
[BlackTeam "Warwickshire Select 1"]

1. e4 e5 2. Nf3 Nc6 3. d4 exd4 4. Bc4 Nf6 5. e5 d5 6. Bb5 Ne4 7. Nxd4 Bd7 8.
Bxc6 bxc6 9. O-O Bc5 10. f3 Ng5 11. Be3 Bb6 12. f4 Ne4 13. Nd2 Nxd2 14. Qxd2 c5
15. Nf3 d4 16. Bf2 Bc6 17. Bh4 Qd7 18. f5 Qxf5 19. Nxd4 Qd7 20. Nf3 c4+ 21. Bf2
Qxd2 22. Nxd2 Bd5 23. b3 O-O 24. Nxc4 Bxc4 25. bxc4 Bxf2+ 26. Kxf2 Rfe8 27.
Rfe1 Rab8 28. Rab1 Kf8 29. Rb3 Ke7 30. Reb1 Rb6 31. Rxb6 axb6 32. c5 bxc5 33.
Rb5 Ra8 34. Rxc5 Kd7 35. h4 Rxa2 36. h5 Ra4 37. Kf3 h6 38. g4 Rb4 39. c3 Ra4
40. Kg3 Re4 41. Kf3 Ra4 1/2-1/2

[Event "4NCL Division 2d"]
[Site "Telford, ENG"]
[Date "2018.05.05"]
[Round "9.82"]
[White "Mason, Donald J"]
[Black "Crocker, Philip J"]
[Result "1-0"]
[WhiteElo "2192"]
[BlackElo "2119"]
[PlyCount "55"]
[EventDate "2018.05.05"]
[WhiteTeam "Warwickshire Select 1"]
[BlackTeam "Barbican Youth"]

1. d4 d5 2. c4 c6 3. Nc3 Nf6 4. Nf3 dxc4 5. e4 b5 6. e5 Nd5 7. a4 e6 8. axb5
Nxc3 9. bxc3 cxb5 10. Ng5 Bb7 11. Qg4 Bd5 12. Be2 Nc6 13. O-O h5 14. Qf4 Qd7
15. Ba3 Bxa3 16. Rxa3 Rb8 17. h4 a5 18. Rfa1 b4 19. Ra4 O-O 20. Bxh5 b3 21.
R4a3 f5 22. Bg6 Rb5 23. Nh7 Rfb8 24. Qg5 Qe7 25. Nf6+ gxf6 26. exf6 Qxa3 27.
Bh5+ Kf8 28. Qg7# 1-0

[Event "4NCL Division 2d"]
[Site "Telford, ENG"]
[Date "2018.05.05"]
[Round "9.83"]
[White "Brett, Andrew R"]
[Black "Pitcher, John"]
[Result "1-0"]
[WhiteElo "2103"]
[BlackElo "2248"]
[PlyCount "53"]
[EventDate "2018.05.05"]
[WhiteTeam "Barbican Youth"]
[BlackTeam "Warwickshire Select 1"]

1. e4 c5 2. Nf3 e6 3. d4 cxd4 4. Nxd4 a6 5. Nc3 Nc6 6. Nxc6 bxc6 7. Bd3 d5 8.
O-O Nf6 9. Qf3 Be7 10. Qg3 g6 11. Re1 Nh5 12. Qf3 Rb8 13. Qe2 a5 14. exd5 O-O
15. dxc6 Qc7 16. Bb5 Rd8 17. a4 Bd6 18. g3 f5 19. Bg5 Rf8 20. Rad1 f4 21. g4 f3
22. Qd3 Bxh2+ 23. Kh1 Be5 24. gxh5 Bf6 25. Bxf6 Qf4 26. Be5 Qh4+ 27. Bh2 1-0